Plasma physics and fusion energy / (Record no. 11332)

MARC details
000 -LEADER
fixed length control field 01476cam a22003617a 4500
001 - CONTROL NUMBER
control field 14965672
005 - DATE AND TIME OF LATEST TRANSACTION
control field 20071105085813.0
008 - FIXED-LENGTH DATA ELEMENTS--GENERAL INFORMATION
fixed length control field 070813s2007 enka b 001 0 eng
010 ## - LIBRARY OF CONGRESS CONTROL NUMBER
LC control number 2007278717
015 ## - NATIONAL BIBLIOGRAPHY NUMBER
National bibliography number GBA681925
Source bnb
016 7# - NATIONAL BIBLIOGRAPHIC AGENCY CONTROL NUMBER
Record control number 013562821
Source Uk
020 ## - INTERNATIONAL STANDARD BOOK NUMBER
International Standard Book Number 9780521851077
020 ## - INTERNATIONAL STANDARD BOOK NUMBER
International Standard Book Number 0521851076
035 ## - SYSTEM CONTROL NUMBER
System control number (OCoLC)ocm71808136
040 ## - CATALOGING SOURCE
Original cataloging agency UKM
Transcribing agency UKM
Modifying agency BAKER
-- YDXCP
-- TXH
-- IXA
-- BTCTA
-- DLC
042 ## - AUTHENTICATION CODE
Authentication code ukblsr
-- lccopycat
050 00 - LIBRARY OF CONGRESS CALL NUMBER
Classification number QC718
Item number .F76 2007
082 04 - DEWEY DECIMAL CLASSIFICATION NUMBER
Classification number 621.484
Edition number 22
Item number FRE
100 1# - MAIN ENTRY--PERSONAL NAME
Personal name Freidberg, Jeffrey P.
9 (RLIN) 3857
245 10 - TITLE STATEMENT
Title Plasma physics and fusion energy /
Statement of responsibility, etc Jeffrey P. Freidberg.
260 ## - PUBLICATION, DISTRIBUTION, ETC. (IMPRINT)
Place of publication, distribution, etc Cambridge :
Name of publisher, distributor, etc Cambridge University Press,
Date of publication, distribution, etc c.2007.
300 ## - PHYSICAL DESCRIPTION
Extent xvii, 671 p. :
Other physical details ill. ;
Dimensions 26 cm.
500 ## - GENERAL NOTE
General note Includes Index.
504 ## - BIBLIOGRAPHY, ETC. NOTE
Bibliography, etc Includes bibliographical references and index.
650 #0 - SUBJECT ADDED ENTRY--TOPICAL TERM
Topical term or geographic name as entry element Plasma (Ionized gases)
9 (RLIN) 3858
650 #0 - SUBJECT ADDED ENTRY--TOPICAL TERM
Topical term or geographic name as entry element Controlled fusion.
9 (RLIN) 3859
856 41 - ELECTRONIC LOCATION AND ACCESS
Materials specified Table of contents only
Uniform Resource Identifier <a href="http://www.loc.gov/catdir/enhancements/fy0803/2007278717-t.html">http://www.loc.gov/catdir/enhancements/fy0803/2007278717-t.html</a>
856 42 - ELECTRONIC LOCATION AND ACCESS
Materials specified Publisher description
Uniform Resource Identifier <a href="http://www.loc.gov/catdir/enhancements/fy0803/2007278717-d.html">http://www.loc.gov/catdir/enhancements/fy0803/2007278717-d.html</a>
856 42 - ELECTRONIC LOCATION AND ACCESS
Materials specified Contributor biographical information
Uniform Resource Identifier <a href="http://www.loc.gov/catdir/enhancements/fy0803/2007278717-b.html">http://www.loc.gov/catdir/enhancements/fy0803/2007278717-b.html</a>
942 ## - ADDED ENTRY ELEMENTS (KOHA)
Source of classification or shelving scheme Dewey Decimal Classification
Item type Book - Borrowing
Holdings
Withdrawn status Item status Source of classification or shelving scheme Damaged status Not for loan Vendor Home library Current library Shelving location Date acquired Source of acquisition Cost, normal purchase price Serial Enumeration / chronology Total Checkouts Total Renewals Full call number Barcode Date last seen Date last borrowed Koha item type
    Dewey Decimal Classification     Baccah Central Library Central Library First floor 21/04/2009   416.00 7117 1 19 621.484 FRE 000015968 15/07/2025 22/09/2014 Book - Borrowing